| 000 | nam a22 7a 4500 | ||
|---|---|---|---|
| 999 |
_c356139 _d356139 |
||
| 003 | NUST | ||
| 005 | 20180124144917.0 | ||
| 008 | 180124b xxu||||| |||| 00| 0 eng d | ||
| 040 | _c0 | ||
| 082 | _a628 MIN | ||
| 245 | _aRelative Humidity and Air Temperature Probes | ||
| 260 |
_aUK _bWagtech International Ltd. _c2012 |
||
| 300 | _a12p. | ||
| 500 | _aP.B | ||
| 942 |
_2ddc _cBK _kIESE |
||